000 00763cam a2200289 i 4500
001 768714001
003 CO-MdFUSB
005 20250529171504.0
007 ta
008 250529t1986 -sp||||| |||| 00| 0 spa d
020 _a84-7645-097-4
040 _cCO-MdFUSB
041 0 _aspa
082 0 4 _223
_a248.8
_b I78c
100 1 _aIserte Badenas, Salvador
_eautor
245 1 0 _aCómo alcanzar la libertad
_c/ Salvador Iserte
264 1 _bClie,
_aTerrassa, Barcelona, España :
_c[1986]
264 4 _c©1986
300 _a203 páginas
336 _atexto
_btxt
_2rdacontent
337 _2rdamedia
_asin mediación
_bn
338 _2rdacarrier
_avolumen
_bnc
563 _aRústico
650 0 _aVida cristiana
_919
942 _cBK
945 _aMiguel Gómez
999 _c32329
_d32329